Blackstone's statutes on property law 2006-2007 (Record no. 106029)
[ view plain ]
| 000 -LEADER | |
|---|---|
| fixed length control field | 00859cam a2200241 4500 |
| 001 - CONTROL NUMBER | |
| control field | L135376 |
| 008 - FIXED-LENGTH DATA ELEMENTS--GENERAL INFORMATION | |
| fixed length control field | 061020n2006 000 0 eng u |
| 020 ## - INTERNATIONAL STANDARD BOOK NUMBER | |
| International Standard Book Number | 0199288216 |
| -- | 9780199288212 |
| 035 ## - SYSTEM CONTROL NUMBER | |
| System control number | (Sirsi) u135376 |
| 041 0# - LANGUAGE CODE | |
| Language code of text/sound track or separate title | eng |
| 050 04 - LIBRARY OF CONGRESS CALL NUMBER | |
| Classification number | 346.41043 $2 18 |
| 100 1# - MAIN ENTRY--PERSONAL NAME | |
| Personal name | Thomas, Meryl |
| 245 00 - TITLE STATEMENT | |
| Title | Blackstone's statutes on property law 2006-2007 |
| 250 ## - EDITION STATEMENT | |
| Edition statement | 14th ed. |
| 260 ## - PUBLICATION, DISTRIBUTION, ETC. | |
| Place of publication, distribution, etc. | Oxford |
| Name of publisher, distributor, etc. | Oxford University Press |
| Date of publication, distribution, etc. | 2006 |
| 300 ## - PHYSICAL DESCRIPTION | |
| Extent | viii, 446p. |
| Dimensions | 25cm. |
| 350 ## - PRICE (NR) (BK AM CF MU VM SE) [OBSOLETE] | |
| Price | 14.99 |
| 520 ## - SUMMARY, ETC. | |
| Summary, etc. | Covers all relevant legislation through to July 2006 including the Commons Act 2006 amending Law of Property Act 1925 and Land Registration Act 1925. Includes amendments to the Charities Bill 2005, Law of Property (Miscellaneous Provisions) Act 1989 and Settled Land Act 1925. |
| 590 ## - LOCAL NOTE (RLIN) | |
| Local note | KA |
| 690 ## - LOCAL SUBJECT ADDED ENTRY--TOPICAL TERM (OCLC, RLIN) | |
| Topical term or geographic name as entry element | PROPERTY |
| 942 ## - ADDED ENTRY ELEMENTS (KOHA) | |
| Suppress in OPAC | 0 |
| Withdrawn status | Lost status | Source of classification or shelving scheme | Damaged status | Not for loan | Home library | Current library | Shelving location | Date acquired | Cost, normal purchase price | Total Checkouts | Full call number | Barcode | Date last seen | Copy number | Cost, replacement price | Price effective from | Koha item type |
|---|---|---|---|---|---|---|---|---|---|---|---|---|---|---|---|---|---|
| Dewey Decimal Classification | London | London | Books | 14/12/2006 | 12.74 | 346.41043 THO | 30073412 | 06/08/2019 | 1 | 12.74 | 06/08/2019 | Book |